| 000 | 00708cam a22002533a 4500 | ||
|---|---|---|---|
| 001 | 10173 | ||
| 003 | PGUSA | ||
| 005 | 20140828083221.0 | ||
| 008 | 031101s2003||||xxu|||||s|||||000 | eng d | ||
| 040 |
_aPGUSA _beng |
||
| 042 | _adc | ||
| 050 | 4 | _aM | |
| 100 | 1 | _aEdison Concert Band | |
| 245 | 1 | 0 |
_aHungarian Rhapsody No. 2, Part 1 _h[electronic resource] / _cEdison Concert Band |
| 260 |
_bProject Gutenberg, _c2003 |
||
| 500 | _aRecorded 1913. | ||
| 506 | _aPublic domain in the USA. | ||
| 516 | _aElectronic text | ||
| 653 | _aBand music, Arranged | ||
| 700 | 1 |
_aLiszt, Franz, _d1811-1886 |
|
| 830 | 0 |
_aProject Gutenberg _v10173 |
|
| 856 | 4 | 0 | _uhttp://www.gutenberg.org/ebooks/10173 |
| 942 | _cEB | ||
| 999 |
_c239428 _d239428 |
||